Countries that share a maritime border with the US - Statistics

General Stats
  • This quiz has been taken 828 times
  • The average score is 18 of 21
Answer Stats
Hint Answer % Correct
North america Canada
99%
North america Mexico
99%
North america Cuba
97%
North america Bahamas
95%
Europe Russia
95%
Europe UK
94%
North america Dominican Republic
93%
Asia Japan
93%
North america Haiti
91%
North america Jamaica
90%
South america Colombia
88%
Oceania Samoa
87%
Oceania Kiribati
86%
South america Venezuela
86%
Oceania Federated States of Micronesia
85%
Oceania Marshall Islands
85%
Oceania Tonga
83%
North america Honduras
75%
Europe Netherlands
74%
Oceania New zealand
74%
North america Nicaragua
71%
No matching quizzes found
Score Distribution
Percent of People with Each Score
Percentile by Number Answered
Your Score History
You have not taken this quiz